000 00615nam a2200181 4500
999 _c8420
_d8420
008 180205b xxu||||| |||| 00| 0 eng d
020 _a971-08-4608-6
082 _21989
_aDC 515
_bH67
100 _926080
_aHoffman, Laurence d.
245 _aCalculus:
_bfor business, economics, and the social and life sciences/
_cLaurence D. Hoffman and Gerald L. Bradley.
250 _aFourth Edition
260 _aNew York:
_bMcGraw-Hill Book Company,
_c© 1989.
300 _axiv,748 pages;
_c25 cm.
521 _aIncludes index.
650 0 _926082
_aCalculus
700 _926083
_aBradley, Gerald L.
_eauthor
942 _2ddc
_cDC